000 00357nam a2200133Ia 4500
008 230411s9999 xx 000 0 und d
041 _aeng
082 _aF/610.7302/GUP/SAH/B02649
100 _aGupta L C & Sahu V C
245 _aPractical Nursing Procedures
260 _bJaypee Brothers
_aNew Delhi
_c1991
300 _a431p
999 _c153802
_d153802